Los cementerios
Tallennettuna:
| Päätekijä: | |
|---|---|
| Aineistotyyppi: | Kirja |
| Kieli: | espanja |
| Julkaistu: |
Valparaíso
Del Mercurio
1872
|
| Painos: | 2a. ed |
| Aiheet: | |
| Tagit: |
Lisää tagi
Ei tageja, Lisää ensimmäinen tagi!
|
MARC
| LEADER | 00000nam a2200000 a 4500 | ||
|---|---|---|---|
| 001 | UCR4388 | ||
| 003 | CL-VaPUC | ||
| 008 | 980307e18720000CL |||||||||||||||||spa|d | ||
| 082 | 0 | 4 | |a 363.75 |b HIP |2 21 |
| 100 | |a Hipólito, José |e author |9 404412 | ||
| 245 | 1 | 4 | |a Los cementerios |
| 250 | |a 2a. ed | ||
| 300 | |a 94 p | ||
| 942 | |c BK | ||
| 945 | |d 19980307 00:00:00 |a aolguin | ||
| 260 | |a Valparaíso |b Del Mercurio |c 1872 | ||
| 650 | 0 | |a Cementerios |9 344520 | |
| 650 | 0 | |a Administración |9 259325 | |
| 650 | 0 | |a Iglesia Católica |9 256114 | |
| 651 | 7 | |a CHILE |2 CL-VaPUC |9 404413 | |
| 583 | |a last modification |c 19980307 00:00:00 |k Rodrigo Vera | ||
| 999 | |c 267331 |d 267329 | ||
| 952 | |0 0 |1 0 |4 0 |6 363_750000000000000_HIP_1872 |7 0 |8 DER_HDC |9 299607 |a BIBDER |b BIBDER |d 2019-11-20 |i 195248K |o 363.75 HIP 1872 |p 195248K |r 2023-01-25 |w 2019-11-20 |x Ubicación 4to Piso |y BK_X |z Estos recursos deben solicitarse con anticipación |k DER | ||